| 000 | 00700cam a22002172 4500 | ||
|---|---|---|---|
| 001 | 0000025121 | ||
| 005 | 20151217155238.0 | ||
| 008 | 141204s xx 000 0 eng d | ||
| 020 | _a0199765133 : | ||
| 040 |
_aKABU _cKABU |
||
| 100 | 1 |
_aFay, James A. _@0000185519 |
|
| 245 | 1 | 0 |
_aEnergy and the environment : _bscientific and technological principles / _cby James A. Fay, Dan S. Golomb. |
| 250 | _a 2nd ed. | ||
| 260 |
_aNew York : _bOUP, _c2012. |
||
| 300 | _axvii, 366 p. | ||
| 650 | 0 |
_aPower resources _xEnvironmental aspects. _@0000156251 |
|
| 700 | 1 |
_aGolomb, Dan S. _@0000185520 |
|
| 852 | 1 | _9p9745 KES | |
| 908 | _a141204 | ||
| 950 | _@1 | ||
| 999 |
_c12265 _d12265 |
||